Modulation of waveguide behaviour of an ICT 2H-benzo[d][1,2,3]triazole derivative with graphene

Needle-like supramolecular structures prepared by the organized aggregation of a 2H-benzo[d][1,2,3]triazole derivative with few-layer graphene using the slow diffusion technique are described. The as-prepared aggregate shows, by using scanning electron microscopy (SEM), the formation of needles with...

Full description

Saved in:
Bibliographic Details
Main Authors: Torres, Iván (Author) , Romero-Nieto, Carlos (Author) , Rominger, Frank (Author)
Format: Article (Journal)
Language:English
Published: 29 January 2019
In: Organic electronics
Year: 2019, Volume: 68, Pages: 1-8
DOI:10.1016/j.orgel.2019.01.033
Online Access:Verlag, Volltext: https://doi.org/10.1016/j.orgel.2019.01.033
Verlag, Volltext: http://www.sciencedirect.com/science/article/pii/S1566119919300424
Get full text
Author Notes:I. Torres, J.M. González-Domínguez, A. Díaz-Ortiz, C. Romero-Nieto, F. Rominger, Ester Vázquez, J.R. Carrillo, P. Prieto

MARC

LEADER 00000caa a2200000 c 4500
001 1662495331
003 DE-627
005 20230426172416.0
007 cr uuu---uuuuu
008 190328s2019 xx |||||o 00| ||eng c
024 7 |a 10.1016/j.orgel.2019.01.033  |2 doi 
035 |a (DE-627)1662495331 
035 |a (DE-599)KXP1662495331 
035 |a (OCoLC)1341205678 
040 |a DE-627  |b ger  |c DE-627  |e rda 
041 |a eng 
084 |a 29  |2 sdnb 
100 1 |a Torres, Iván  |e VerfasserIn  |0 (DE-588)118198629X  |0 (DE-627)1662491565  |4 aut 
245 1 0 |a Modulation of waveguide behaviour of an ICT 2H-benzo[d][1,2,3]triazole derivative with graphene  |c I. Torres, J.M. González-Domínguez, A. Díaz-Ortiz, C. Romero-Nieto, F. Rominger, Ester Vázquez, J.R. Carrillo, P. Prieto 
264 1 |c 29 January 2019 
300 |a 8 
336 |a Text  |b txt  |2 rdacontent 
337 |a Computermedien  |b c  |2 rdamedia 
338 |a Online-Ressource  |b cr  |2 rdacarrier 
500 |a Gesehen am 28.03.2019 
520 |a Needle-like supramolecular structures prepared by the organized aggregation of a 2H-benzo[d][1,2,3]triazole derivative with few-layer graphene using the slow diffusion technique are described. The as-prepared aggregate shows, by using scanning electron microscopy (SEM), the formation of needles with graphene attached on the surface, which was corroborated by Raman spectroscopy and optical microscopy. The graphene-modified aggregate acts as a selective optical waveguide for green light, in contrast to the pristine aggregate which emits green and red light. These new materials may be of crucial importance for the development of high-performance optoelectronic devices. 
650 4 |a Few layers graphene 
650 4 |a Optoelectronic devices 
650 4 |a Self-assembly 
650 4 |a Waveguide 
700 1 |a Romero-Nieto, Carlos  |e VerfasserIn  |0 (DE-588)1161626468  |0 (DE-627)1024915948  |0 (DE-576)506775542  |4 aut 
700 1 |a Rominger, Frank  |d 1964-  |e VerfasserIn  |0 (DE-588)1019978228  |0 (DE-627)691067821  |0 (DE-576)359202756  |4 aut 
773 0 8 |i Enthalten in  |t Organic electronics  |d Amsterdam [u.a.] : Elsevier Science, 2000  |g 68(2019), Seite 1-8  |h Online-Ressource  |w (DE-627)325570418  |w (DE-600)2037332-6  |w (DE-576)100645976  |7 nnas  |a Modulation of waveguide behaviour of an ICT 2H-benzo[d][1,2,3]triazole derivative with graphene 
773 1 8 |g volume:68  |g year:2019  |g pages:1-8  |g extent:8  |a Modulation of waveguide behaviour of an ICT 2H-benzo[d][1,2,3]triazole derivative with graphene 
856 4 0 |u https://doi.org/10.1016/j.orgel.2019.01.033  |x Verlag  |x Resolving-System  |3 Volltext 
856 4 0 |u http://www.sciencedirect.com/science/article/pii/S1566119919300424  |x Verlag  |3 Volltext 
951 |a AR 
992 |a 20190328 
993 |a Article 
994 |a 2019 
998 |g 1019978228  |a Rominger, Frank  |m 1019978228:Rominger, Frank  |d 120000  |d 120100  |e 120000PR1019978228  |e 120100PR1019978228  |k 0/120000/  |k 1/120000/120100/  |p 5 
998 |g 1161626468  |a Romero-Nieto, Carlos  |m 1161626468:Romero-Nieto, Carlos  |d 120000  |d 120100  |e 120000PR1161626468  |e 120100PR1161626468  |k 0/120000/  |k 1/120000/120100/  |p 4 
999 |a KXP-PPN1662495331  |e 3417252016 
BIB |a Y 
SER |a journal 
JSO |a {"note":["Gesehen am 28.03.2019"],"title":[{"title_sort":"Modulation of waveguide behaviour of an ICT 2H-benzo[d][1,2,3]triazole derivative with graphene","title":"Modulation of waveguide behaviour of an ICT 2H-benzo[d][1,2,3]triazole derivative with graphene"}],"origin":[{"dateIssuedDisp":"29 January 2019","dateIssuedKey":"2019"}],"recId":"1662495331","id":{"doi":["10.1016/j.orgel.2019.01.033"],"eki":["1662495331"]},"name":{"displayForm":["I. Torres, J.M. González-Domínguez, A. Díaz-Ortiz, C. Romero-Nieto, F. Rominger, Ester Vázquez, J.R. Carrillo, P. Prieto"]},"person":[{"given":"Iván","display":"Torres, Iván","role":"aut","family":"Torres"},{"family":"Romero-Nieto","display":"Romero-Nieto, Carlos","role":"aut","given":"Carlos"},{"role":"aut","display":"Rominger, Frank","given":"Frank","family":"Rominger"}],"type":{"media":"Online-Ressource","bibl":"article-journal"},"language":["eng"],"physDesc":[{"extent":"8 S."}],"relHost":[{"physDesc":[{"extent":"Online-Ressource"}],"language":["eng"],"type":{"bibl":"periodical","media":"Online-Ressource"},"pubHistory":["1.2000,Dez. - 15.2014; Vol. 16.2015 -"],"part":{"text":"68(2019), Seite 1-8","pages":"1-8","volume":"68","year":"2019","extent":"8"},"recId":"325570418","origin":[{"publisher":"Elsevier Science","dateIssuedKey":"2000","dateIssuedDisp":"2000-","publisherPlace":"Amsterdam [u.a.]"}],"disp":"Modulation of waveguide behaviour of an ICT 2H-benzo[d][1,2,3]triazole derivative with grapheneOrganic electronics","note":["Gesehen am 31.05.23"],"title":[{"subtitle":"physics, materials and applications","title":"Organic electronics","title_sort":"Organic electronics"}],"id":{"eki":["325570418"],"zdb":["2037332-6"]}}]} 
SRT |a TORRESIVANMODULATION2920